01515nam a22001937a 450000500170000000800410001702000180005804000070007604100080008308200210009110000190011224500310013126000350016230000260019736500560022352009850027965000270126465000300129120260128110815.0230907b ||||| |||| 00| 0 eng d a9780143418801 cAL aeng 223a820.33bSINL aRavinder Singh aLike it happened yesterday aUSAbPenguin Metro Readsc2013 ax,196p.bPBc19x13cm. 2Generala4337b159.00c₹d199.00e20%f02-09-2023 aHas anyone ever asked you - What were the best days of your life? That one period of your life you always wanted to go back to? And live that life...one more time? When asked this, I closed my eyes and went back in my own past. And I thought... ...of the days when life's most complex choices had a simple solution of Akkad Bakkad Bambey Bo! ...of the seasons when rains were celebrated by making paper boats. ...of the times when waiting at the railway crossing meant counting the bogies of the train passing by. When I opened my eyes, it seems Like it Happened Yesterday! Like it was yesterday that I broke my first tooth and fell in love for the first time. Like it was yesterday when I was about to lose my friend, and suddenly, he became my best friend. I look back, and it becomes a journey full of adventure. It makes me laugh; it makes me cry; and I know I’m here because I was... Come, hold my hand, and take this trip with me. It will be yesterday for you, once again! aIndian English Fiction aIndian English Literature